LEADER 01033nam a2200265 4500 001 000000346538 003 CaOOAMICUS 005 20210610115826.0 008 210610s1998 it a 000 u ita r 020 $a88-215-1428-5 040 $aSeMil$bita 100 1 $aDe Simone, Angelo.$0(OLS)http://semarc/name/53954 245 10$aFrancesco d'Assisi /$cAngelo De Simone. 250 $a4. Ed. 264 1$aCinisello Balsamo :$bSan Paolo,$c1998. 300 $a105 p. :$bill. ;$c18 cm 490 1 $aFiori di cielo ;$v19 600 04$aFrancesco : d'Assisi .$0(OLS)http://semarc/subject/1416 830 0$aFiori di cielo ;$v19.$0(OLS)http://semarc/title/435731 850 $aSeMil 852 $aSeMil$W1$xVenegono$y1$m3H I 593$j227333$B237624$CSeMilBibl$Z2$F237624 $81 996 $6020$a88-215-1428-5$9(OLS)http://semarc/number/293451 996 $6245$aFrancesco d'Assisi$9(OLS)http://semarc/title/49827 996 $6264$aCinisello Balsamo :$bSan Paolo$9(OLS)http://semarc/publisher/30129 LEADER 01009nam a2200217 i 4500 001 000000011480 003 CaOOAMICUS 005 20180830125441.0 008 180830s1815 it u000 u ita u 040 $aSeMil$bita 245 10$aCodice penale universale austriaco coll'appendice delle piu recenti norme generali. Parte 1. [-2.]. 250 $aSeconda edizione ufficiale. 260 $aMilano :$bDall'Imp. Regia Stamperia,$c1815. 300 $a2 v. ;$c8°. 500 $aNon posseduto il vol. 2. 650 4$aDiritto - Codici - Austria - Opere anteriori al 1900.$0(OLS)http://semarc/subject/1878 710 2 $aStamperia reale$b.$0(OLS)http://semarc/name/4026 710 1 $aAustria$c.$0(OLS)http://semarc/name/2835 774 0 $tDei delitti.$g1$w()52185 996 $6245$aCodice penale universale austriaco coll'appendice delle piu recenti norme generali. Parte 1. [-2.]$9(OLS)http://semarc/title/15183 996 $6260$aMilano :$bDall'Imp. Regia Stamperia$9(OLS)http://semarc/publisher/33173